000 00854nam a2200253 a 4500
001 BRCA_4655
005 20190320204743.0
008 300910s1999----sp-#######---#000-0#spa-#
020 _a8488333366
040 _aspa
041 _asp
050 4 _aPQ6274
_b.R63 1999
100 1 _aRodríguez Montalvo, Garci
_911783
245 1 0 _aSergas de Esplandián
_b(Toledo, Juan de Villaquirán, 1521) : guía de lectura
_cGarci Rodríguez Montalvo y Emilio Sales Dasí.
260 _aAlcalá de Henares [España]
_bCentro de Estudios Cervantinos
_c1999
300 _a134 p.
_c24 cm.
440 0 _aGuías de lectura caballeresca
_v14
_911784
500 _aIncluye índice general de la colección
504 _aBibliografía: p. [127]-129
650 1 4 _aLiteratura
_zEspaña
_911785
700 1 _aSales Dasí, Emilio
_911786
902 _aCERV
942 _2lcc
_cB
999 _c4356
_d4356